[Event "FICGS class E 000239 email"]
[Site "FICGS email"]
[Date "2021.08.05"]
[Round "1"]
[White "Kehayov, Yulian"]
[Black "Pintor, Manuel Abranches"]
[Result "1-0"]
[WhiteElo "1322"]
[BlackElo "1609"]
[PlyCount "45"]
[EventDate "2021.??.??"]
[EventType "tourn (corr)"]
[EventRounds "5"]
[SourceTitle "Corr 2022"]
[Source "ChessBase"]
[SourceDate "2021.10.24"]
[SourceVersion "1"]
[SourceVersionDate "2021.10.24"]
[SourceQuality "1"]

1. d4 d5 2. Nf3 Bg4 3. Ne5 Bh5 4. g4 Bg6 5. c4 Bxb1 6. Rxb1 f6 7. Nd3 dxc4 8. Nf4 e5 9. Ne6 Qd6 10. Qa4+ Nc6 11. d5 Nge7 12. Bg2 Nxd5 13. Bxd5 Qb4+ 14. Qxb4 Nxb4 15. Bxc4 Kd7 16. 0-0 g5 17. Rd1+ Bd6 18. Nc5+ Kc6 19. Ne4 Rhf8 20. a3 Na6 21. Bd5+ Kb6 22. Be3+ Nc5 23. b4 1-0

[Event "FICGS class E 000239 email"]
[Site "FICGS email"]
[Date "2021.08.05"]
[Round "1"]
[White "Pintor, Manuel Abranches"]
[Black "Pipac, Darko"]
[Result "1-0"]
[WhiteElo "1609"]
[BlackElo "1300"]
[PlyCount "53"]
[EventDate "2021.??.??"]
[EventType "tourn (corr)"]
[EventRounds "5"]
[SourceTitle "Corr 2022"]
[Source "ChessBase"]
[SourceDate "2021.10.24"]
[SourceVersion "1"]
[SourceVersionDate "2021.10.24"]
[SourceQuality "1"]

1. e4 e5 2. f4 exf4 3. Nf3 d5 4. exd5 Nf6 5. c4 c5 6. Nc3 Bg4 7. d3 Bd6 8. Be2 Bxf3 9. Bxf3 Nbd7 10. 0-0 0-0 11. Ne4 Bc7 12. d6 Bb6 13. Bxf4 h6 14. Nxf6+ Nxf6 15. Bxb7 Rb8 16. Qf3 Re8 17. Bc6 Re6 18. Bd5 Nxd5 19. cxd5 Rf6 20. Kh1 Rb7 21. Qg3 Rg6 22. Qf3 Qf6 23. Rae1 Kf8 24. Qe4 Rb8 25. d7 c4 26. Qe8+ Rxe8 27. Rxe8# 1-0

[Event "FICGS class C 000294 email"]
[Site "FICGS email"]
[Date "2021.08.04"]
[Round "1"]
[White "Pintor, Manuel Abranches"]
[Black "Brand Lyard, Paul"]
[Result "1-0"]
[WhiteElo "1609"]
[BlackElo "1777"]
[PlyCount "29"]
[EventDate "2021.??.??"]
[EventType "tourn (corr)"]
[EventRounds "4"]
[SourceTitle "Corr 2022"]
[Source "ChessBase"]
[SourceDate "2021.10.24"]
[SourceVersion "1"]
[SourceVersionDate "2021.10.24"]
[SourceQuality "1"]

1. e4 e5 2. f4 exf4 3. Nf3 g5 4. Bc4 Nc6 5. d4 d6 6. 0-0 g4 7. Bxf4 gxf3 8. Qxf3 Nxd4 9. Qh5 Qe7 10. Bg5 Nf6 11. Bxf6 Qxf6 12. Rxf6 Be6 13. Bxe6 Nxc2 14. Qxf7+ Kd8 15. Qd7# 1-0

[Event "FICGS rapid C 000266 email"]
[Site "FICGS email"]
[Date "2021.07.05"]
[Round "1"]
[White "Pintor, Manuel Abranches"]
[Black "Swiatek, Janusz"]
[Result "0-1"]
[WhiteElo "1609"]
[BlackElo "1954"]
[PlyCount "52"]
[EventDate "2021.??.??"]
[EventType "tourn (rapid)"]
[EventRounds "4"]
[SourceTitle "Corr 2022"]
[Source "ChessBase"]
[SourceDate "2021.10.24"]
[SourceVersion "1"]
[SourceVersionDate "2021.10.24"]
[SourceQuality "1"]

1. e4 e6 2. f4 d5 3. exd5 exd5 4. d4 Nf6 5. Nf3 Bd6 6. Bd3 0-0 7. 0-0 c5 8. c3 Nc6 9. Kh1 Re8 10. Ne5 cxd4 11. Nxc6 bxc6 12. cxd4 c5 13. dxc5 Bxc5 14. Nc3 Ng4 15. Qf3 Nxh2 16. Qh5 Nxf1 17. Qxh7+ Kf8 18. Qh8+ Ke7 19. Qh4+ Kd6 20. Qxd8+ Rxd8 21. g4 Rh8+ 22. Kg2 Rh2+ 23. Kxf1 Bxg4 24. Ne2 Re8 25. f5 Bxe2+ 26. Bxe2 Rf2+ 0-1

[Event "FICGS rapid D 000139 email"]
[Site "FICGS email"]
[Date "2021.06.11"]
[Round "1"]
[White "Nurcahyo, Dery"]
[Black "Pintor, Manuel Abranches"]
[Result "0-1"]
[WhiteElo "1561"]
[BlackElo "1549"]
[PlyCount "70"]
[EventDate "2021.??.??"]
[EventType "tourn (rapid)"]
[EventRounds "5"]
[SourceTitle "Corr 2022"]
[Source "ChessBase"]
[SourceDate "2021.10.24"]
[SourceVersion "1"]
[SourceVersionDate "2021.10.24"]
[SourceQuality "1"]

1. g3 e5 2. Bg2 Bc5 3. Nf3 d6 4. Nc3 h6 5. 0-0 Nc6 6. h3 Nf6 7. e4 0-0 8. d3 Nh5 9. a3 Nxg3 10. Re1 Nh5 11. Nxe5 dxe5 12. Qxh5 Qf6 13. Be3 Nd4 14. Rac1 c6 15. Bxd4 Bxd4 16. Rf1 Qg6 17. Qf3 f5 18. exf5 Bxf5 19. Nd1 Be6 20. Qe4 Bf5 21. Qh4 Rf6 22. Ne3 Raf8 23. Kh2 Be6 24. Rce1 Rf4 25. Qe7 R4f7 26. Qb4 c5 27. Qd2 Bxb2 28. Be4 Qh5 29. Bg2 Bxa3 30. Qe2 Qh4 31. Ra1 Rxf2 32. Rxf2 Rxf2 33. Nf5 Bxf5 34. Qxe5 Qxh3+ 35. Kg1 Qxg2# 0-1

[Event "FICGS rapid C 000265 email"]
[Site "FICGS email"]
[Date "2021.06.10"]
[Round "1"]
[White "Nurcahyo, Dery"]
[Black "Pintor, Manuel Abranches"]
[Result "1-0"]
[WhiteElo "1561"]
[BlackElo "1549"]
[PlyCount "69"]
[EventDate "2021.??.??"]
[EventType "tourn (rapid)"]
[EventRounds "4"]
[SourceTitle "Corr 2022"]
[Source "ChessBase"]
[SourceDate "2021.10.24"]
[SourceVersion "1"]
[SourceVersionDate "2021.10.24"]
[SourceQuality "1"]

1. g3 e5 2. Bg2 Nc6 3. c3 Bc5 4. Nf3 Qf6 5. d3 d6 6. Bg5 Qg6 7. 0-0 Bg4 8. Be3 Bb6 9. h3 Be6 10. Qa4 Nge7 11. Nh4 Qf6 12. Bxb6 cxb6 13. Nd2 0-0 14. Ne4 Qh6 15. Nxd6 g5 16. Nf3 f6 17. Nxb7 Bxh3 18. Nd6 g4 19. Nh4 f5 20. Qc4+ Kg7 21. Bxh3 gxh3 22. Nb5 f4 23. Kh2 Nf5 24. Kxh3 Rac8 25. Qe4 Rce8 26. Rh1 Nxh4 27. gxh4 Re6 28. Rag1+ Rg6 29. Rxg6+ hxg6 30. Kg2 g5 31. hxg5 Qxg5+ 32. Kf1 Kf6 33. Qxc6+ Ke7 34. Rh7+ Rf7 35. Qc7+ 1-0

[Event "FICGS rapid C 000265 email"]
[Site "FICGS email"]
[Date "2021.06.10"]
[Round "1"]
[White "Swiatek, Janusz"]
[Black "Pintor, Manuel Abranches"]
[Result "1-0"]
[WhiteElo "1800"]
[BlackElo "1549"]
[PlyCount "99"]
[EventDate "2021.??.??"]
[EventType "tourn (rapid)"]
[EventRounds "4"]
[SourceTitle "Corr 2022"]
[Source "ChessBase"]
[SourceDate "2021.10.24"]
[SourceVersion "1"]
[SourceVersionDate "2021.10.24"]
[SourceQuality "1"]

1. d4 d5 2. c4 c6 3. Nf3 Nf6 4. Nc3 Bg4 5. Ne5 Bh5 6. cxd5 cxd5 7. Qb3 Qb6 8. Qxb6 axb6 9. g4 Nxg4 10. Nxg4 Bxg4 11. Nxd5 Na6 12. Bg2 Rd8 13. Bd2 f6 14. a3 g5 15. h3 Bf5 16. Rc1 Rd6 17. Ne3 Bd7 18. Nc4 Rxd4 19. Be3 Rh4 20. Nxb6 Bc6 21. Bxc6+ bxc6 22. Rxc6 Kf7 23. b4 e5 24. 0-0 Bg7 25. b5 Nb8 26. Rc7+ Kg6 27. Rd1 Rxh3 28. Nd5 Rh4 29. Ne7+ Kh5 30. Rd6 Rg4+ 31. Kf1 Rf8 32. Nf5 Bh8 33. Bd2 Kg6 34. Ne7+ Kh5 35. Bb4 h6 36. Nd5 Rd4 37. a4 Kh4 38. e3 Rd1+ 39. Kg2 g4 40. Rh7 h5 41. Nf4 exf4 42. Rxd1 f3+ 43. Kf1 Rc8 44. Rd5 Rc1+ 45. Be1 g3 46. fxg3+ Kg4 47. Rxh8 Rxe1+ 48. Kxe1 Kxg3 49. Rg8+ Kh4 50. Kf2 1-0

[Event "FICGS class D 000277 email"]
[Site "FICGS email"]
[Date "2021.05.05"]
[Round "1"]
[White "Tedoldi, Guido"]
[Black "Pintor, Manuel Abranches"]
[Result "1-0"]
[WhiteElo "1587"]
[BlackElo "1549"]
[PlyCount "81"]
[EventDate "2021.??.??"]
[EventType "tourn (corr)"]
[EventRounds "6"]
[SourceTitle "Corr 2022"]
[Source "ChessBase"]
[SourceDate "2021.10.24"]
[SourceVersion "1"]
[SourceVersionDate "2021.10.24"]
[SourceQuality "1"]

1. c4 e5 2. Nc3 Bc5 3. Nf3 Nc6 4. d3 h6 5. e3 d6 6. Be2 Nf6 7. h3 0-0 8. 0-0 a6 9. a3 Be6 10. b4 Bb6 11. Bb2 Ne7 12. a4 Nh5 13. Nxe5 dxe5 14. a5 Ba7 15. Bxh5 Ng6 16. Ne4 Nh4 17. Bxe5 f6 18. Bg3 Nf5 19. Bg4 Qe7 20. c5 Nxg3 21. Nxg3 Bxg4 22. Qxg4 Kh7 23. Qe4+ Qxe4 24. Nxe4 Rfe8 25. Rad1 Rad8 26. Ng3 Rd5 27. Rfe1 c6 28. Ne4 Bb8 29. d4 Rxe4 30. f3 Re8 31. f4 Rd7 32. Kf2 Kg6 33. g4 f5 34. Rg1 Rde7 35. Rg3 Bc7 36. Rdg1 fxg4 37. Rxg4+ Kf6 38. R1g3 Rg8 39. Rg6+ Kf5 40. Rxh6 Rxe3 41. Rh5+ 1-0

[Event "FICGS rapid C 000262 email"]
[Site "FICGS email"]
[Date "2021.04.26"]
[Round "1"]
[White "Pintor, Manuel Abranches"]
[Black "Leurette, Marc Antoine"]
[Result "1-0"]
[WhiteElo "1573"]
[BlackElo "1620"]
[PlyCount "129"]
[EventDate "2021.??.??"]
[EventType "tourn (rapid)"]
[EventRounds "4"]
[SourceTitle "Corr 2022"]
[Source "ChessBase"]
[SourceDate "2021.10.24"]
[SourceVersion "1"]
[SourceVersionDate "2021.10.24"]
[SourceQuality "1"]

1. e4 e5 2. f4 d6 3. Nf3 Nc6 4. Bc4 Bg4 5. 0-0 Bxf3 6. Qxf3 Nf6 7. c3 Qd7 8. f5 Be7 9. d3 0-0-0 10. Bxf7 Kb8 11. Nd2 Rdf8 12. Be6 Qe8 13. Nb3 Nd8 14. Bc4 h5 15. h3 h4 16. Be3 Nc6 17. a4 g6 18. a5 a6 19. Qe2 gxf5 20. Rxf5 Ng8 21. Raf1 Rxf5 22. Rxf5 Nh6 23. Bxh6 Rxh6 24. Qf3 Rh8 25. Rf7 Nd8 26. Rg7 Rf8 27. Qg4 Bf6 28. Rh7 Rh8 29. Rxh8 Qxh8 30. Nd2 Qh6 31. Qe2 Bg5 32. Nf3 Bf4 33. b4 Ne6 34. Bxe6 Qxe6 35. Nxh4 Bg3 36. Nf5 Bf4 37. c4 c6 38. Qh5 Kc7 39. Qh7+ Kb8 40. Qh8+ Kc7 41. Qg7+ Kb8 42. Qf8+ Kc7 43. Ng7 Qc8 44. Ne8+ Kd7 45. Qf7+ Kd8 46. Nxd6 Qd7 47. Qf8+ Kc7 48. c5 Qd8 49. Qf5 Qd7 50. Qg6 Be3+ 51. Kf1 Bd4 52. Qg8 Qd8 53. Qf7+ Qd7 54. Qb3 Qh7 55. Nf5 Qh5 56. Nxd4 exd4 57. Kf2 Qh6 58. Qf7+ Kc8 59. Qe8+ Kc7 60. Qe5+ Kc8 61. Qxd4 Qd2+ 62. Kf3 Qd1+ 63. Kg3 Qe1+ 64. Kh2 Qd2 65. e5 1-0

[Event "FICGS class D 000276 email"]
[Site "FICGS email"]
[Date "2021.04.07"]
[Round "1"]
[White "Pintor, Manuel Abranches"]
[Black "Piantadosi, Angelo"]
[Result "1-0"]
[WhiteElo "1573"]
[BlackElo "1427"]
[PlyCount "41"]
[EventDate "2021.??.??"]
[EventType "tourn (corr)"]
[EventRounds "6"]
[SourceTitle "Corr 2022"]
[Source "ChessBase"]
[SourceDate "2021.10.24"]
[SourceVersion "1"]
[SourceVersionDate "2021.10.24"]
[SourceQuality "1"]

1. e4 c5 2. f4 d6 3. Nf3 Nc6 4. Bc4 e6 5. 0-0 Nf6 6. Nc3 Be7 7. d3 0-0 8. Kh1 a6 9. a4 b6 10. Ng5 d5 11. exd5 exd5 12. Ba2 h6 13. Nh3 Bb7 14. Qe1 Nd4 15. Qf2 Ng4 16. Qg3 Nxc2 17. Qxg4 Nxa1 18. f5 Bf6 19. Bxh6 Kh7 20. Ng5+ Kxh6 21. Qh4# 1-0

[Event "FICGS class D 000276 email"]
[Site "FICGS email"]
[Date "2021.04.07"]
[Round "1"]
[White "Tedoldi, Guido"]
[Black "Pintor, Manuel Abranches"]
[Result "0-1"]
[WhiteElo "1542"]
[BlackElo "1573"]
[PlyCount "92"]
[EventDate "2021.??.??"]
[EventType "tourn (corr)"]
[EventRounds "6"]
[SourceTitle "Corr 2022"]
[Source "ChessBase"]
[SourceDate "2021.10.24"]
[SourceVersion "1"]
[SourceVersionDate "2021.10.24"]
[SourceQuality "1"]

1. c4 e5 2. Nc3 Bc5 3. Nf3 Nc6 4. e3 Qf6 5. Ne4 Qe7 6. Nxc5 Qxc5 7. d3 Nf6 8. Bd2 0-0 9. Be2 d6 10. h3 Bf5 11. a3 Ne7 12. b4 Qc6 13. b5 Qd7 14. e4 Be6 15. Ng5 c6 16. Rb1 h6 17. Nxe6 fxe6 18. Bg4 Ng6 19. 0-0 c5 20. a4 b6 21. a5 Nxg4 22. Qxg4 Qf7 23. h4 Nf4 24. Bxf4 exf4 25. axb6 axb6 26. Ra1 e5 27. Ra6 Rxa6 28. bxa6 Kh7 29. h5 Ra8 30. Ra1 Ra7 31. Qh4 g6 32. hxg6+ Qxg6 33. Qd8 f3 34. g3 Qe6 35. Qh4 Qe8 36. g4 Qg8 37. Qh5 Rg7 38. Qf5+ Kh8 39. Qxf3 Rxg4+ 40. Kf1 Rg1+ 41. Ke2 Rxa1 42. Qf6+ Qg7 43. Qd8+ Kh7 44. Qc8 Ra2+ 45. Kf1 Qf7 46. Qb7 Kg6 0-1

[Event "FICGS class E 000238 email"]
[Site "FICGS email"]
[Date "2021.03.18"]
[Round "1"]
[White "Goldmund, Heike"]
[Black "Pintor, Manuel Abranches"]
[Result "0-1"]
[WhiteElo "1304"]
[BlackElo "1573"]
[PlyCount "56"]
[EventDate "2021.??.??"]
[EventType "tourn (corr)"]
[EventRounds "5"]
[SourceTitle "Corr 2022"]
[Source "ChessBase"]
[SourceDate "2021.10.24"]
[SourceVersion "1"]
[SourceVersionDate "2021.10.24"]
[SourceQuality "1"]

1. b4 e5 2. Bb2 Qf6 3. Nf3 Nc6 4. b5 Nd4 5. Nxd4 exd4 6. e3 Bc5 7. c4 d6 8. d3 Bb4+ 9. Nd2 c5 10. Qa4 b6 11. Qc2 Qg5 12. g3 Bg4 13. Bg2 dxe3 14. f4 Qe7 15. 0-0 Rd8 16. Bxg7 exd2 17. Bxh8 Qe3+ 18. Kh1 f6 19. h3 Be2 20. Rf3 Bxf3 21. Bxf3 Qxf3+ 22. Kh2 Rd7 23. a3 Ba5 24. Qd1 Qf2+ 25. Kh1 Re7 26. Qh5+ Kd8 27. Rg1 Re1 28. Bxf6+ Nxf6 0-1

[Event "FICGS rapid C 000259 email"]
[Site "FICGS email"]
[Date "2021.03.10"]
[Round "1"]
[White "Johnson, Steven"]
[Black "Pintor, Manuel Abranches"]
[Result "1-0"]
[WhiteElo "1900"]
[BlackElo "1573"]
[PlyCount "47"]
[EventDate "2021.??.??"]
[EventType "tourn (rapid)"]
[EventRounds "4"]
[SourceTitle "Corr 2022"]
[Source "ChessBase"]
[SourceDate "2021.10.24"]
[SourceVersion "1"]
[SourceVersionDate "2021.10.24"]
[SourceQuality "1"]

1. d4 d5 2. Nc3 c6 3. Bf4 Bg4 4. f3 Bh5 5. h4 f5 6. e4 fxe4 7. Be2 Bg6 8. fxe4 dxe4 9. Nh3 Nf6 10. Ng5 h6 11. Ne6 Qd7 12. Nc7+ Kd8 13. Nxa8 Nd5 14. Nxd5 Qxd5 15. 0-0 Nd7 16. c4 Qe6 17. d5 Qg8 18. Bg4 cxd5 19. Bc7+ Ke8 20. Bxd7+ Kxd7 21. Qa4+ Kc8 22. Qxa7 e6 23. Be5 Be7 24. Nb6+ 1-0

[Event "FICGS rapid D 000138 email"]
[Site "FICGS email"]
[Date "2021.02.20"]
[Round "1"]
[White "Pintor, Manuel Abranches"]
[Black "Leurette, Marc Antoine"]
[Result "0-1"]
[WhiteElo "1588"]
[BlackElo "1608"]
[PlyCount "62"]
[EventDate "2021.??.??"]
[EventType "tourn (rapid)"]
[EventRounds "5"]
[SourceTitle "Corr 2022"]
[Source "ChessBase"]
[SourceDate "2021.10.24"]
[SourceVersion "1"]
[SourceVersionDate "2021.10.24"]
[SourceQuality "1"]

1. e4 e5 2. f4 d6 3. Nf3 Nc6 4. Bc4 Nf6 5. Nc3 exf4 6. d4 Bg4 7. Bxf4 Be7 8. 0-0 Qd7 9. Qd3 0-0 10. Ng5 h6 11. Nxf7 Rxf7 12. Bxf7+ Kxf7 13. a3 h5 14. Qc4+ Kf8 15. e5 dxe5 16. dxe5 Be6 17. Qb5 Nd5 18. Nxd5 Qxd5 19. Qxb7 Rb8 20. Qxc7 Kg8 21. b4 Rf8 22. Rae1 Qd4+ 23. Be3 Qc4 24. Rxf8+ Bxf8 25. Bxa7 Qxc2 26. h3 Bd5 27. Bf2 Qg6 28. g3 Qf5 29. e6 Qxh3 30. Qf7+ Kh7 31. Bc5 Qg2# 0-1

[Event "FICGS class C 000288 email"]
[Site "FICGS email"]
[Date "2021.01.13"]
[Round "1"]
[White "Pintor, Manuel Abranches"]
[Black "Van Mechelen, Jan"]
[Result "0-1"]
[WhiteElo "1588"]
[BlackElo "1714"]
[PlyCount "96"]
[EventDate "2021.??.??"]
[EventType "tourn (corr)"]
[EventRounds "4"]
[SourceTitle "Corr 2022"]
[Source "ChessBase"]
[SourceDate "2021.10.24"]
[SourceVersion "1"]
[SourceVersionDate "2021.10.24"]
[SourceQuality "1"]

1. e4 c5 2. f4 d5 3. exd5 Nf6 4. c4 e6 5. dxe6 Bxe6 6. Nf3 Nc6 7. Nc3 Bd6 8. d3 0-0 9. Be2 a6 10. 0-0 Qc7 11. Ng5 Bd7 12. Nce4 Be7 13. h3 h6 14. Nxf6+ Bxf6 15. Ne4 Be7 16. Bg4 Bxg4 17. Qxg4 f5 18. Qg6 fxe4 19. dxe4 Nd4 20. e5 Qc6 21. Qg4 Qe6 22. Qxe6+ Nxe6 23. Be3 Rad8 24. b3 Nd4 25. Rad1 g6 26. Bxd4 cxd4 27. g3 Bc5 28. Kg2 Kf7 29. Rf3 Ke6 30. Rfd3 Rf7 31. b4 Bxb4 32. Rxd4 Rxd4 33. Rxd4 Rd7 34. Rxd7 Kxd7 35. Kf3 h5 36. g4 Bc3 37. Ke4 Kc6 38. gxh5 gxh5 39. Kf5 Bd2 40. e6 b6 41. Ke5 Bc3+ 42. Kf5 Kd6 43. a4 h4 44. Kg5 Kxe6 45. Kxh4 Kf5 46. Kg3 Bd2 47. Kh4 Bxf4 48. Kh5 Bg5 0-1

[Event "FICGS class C 000288 email"]
[Site "FICGS email"]
[Date "2021.01.13"]
[Round "1"]
[White "Vollmer, Steve"]
[Black "Pintor, Manuel Abranches"]
[Result "1-0"]
[WhiteElo "1802"]
[BlackElo "1588"]
[PlyCount "113"]
[EventDate "2021.??.??"]
[EventType "tourn (corr)"]
[EventRounds "4"]
[SourceTitle "Corr 2022"]
[Source "ChessBase"]
[SourceDate "2021.10.24"]
[SourceVersion "1"]
[SourceVersionDate "2021.10.24"]
[SourceQuality "1"]

1. e4 e5 2. Nf3 Nc6 3. Bb5 Qf6 4. 0-0 Bc5 5. c3 Nge7 6. d4 exd4 7. Bg5 Qg6 8. Bxe7 Bxe7 9. cxd4 0-0 10. Nc3 d6 11. d5 Ne5 12. Nd4 Bg4 13. f3 c5 14. dxc6 bxc6 15. Nxc6 Nxc6 16. Bxc6 Rac8 17. Bd5 Bh3 18. Qe2 Bf6 19. Rac1 Bg5 20. Rc2 Kh8 21. Rd1 Bf4 22. a3 Bd7 23. Ba2 f5 24. Nd5 Qh6 25. Nxf4 Qxf4 26. Rxc8 Bxc8 27. Bb1 Qe5 28. Qd2 Rd8 29. Qd5 Qxb2 30. e5 Bb7 31. Qa5 Qb6+ 32. Qxb6 axb6 33. Bxf5 g6 34. Bc2 d5 35. f4 Kg7 36. g4 d4 37. f5 Bf3 38. f6+ Kh6 39. Rd2 Bxg4 40. Bb3 d3 41. e6 Bxe6 42. Bxe6 Rd6 43. f7 Kg7 44. Rf2 Kf8 45. Bb3 d2 46. Bd1 h5 47. a4 h4 48. Kg2 Rd4 49. Kf3 g5 50. Ke3 Rd7 51. Rf6 Rxf7 52. Rxb6 Rd7 53. Rb2 g4 54. Rxd2 Rxd2 55. Kxd2 g3 56. hxg3 hxg3 57. Bf3 1-0

[Event "FICGS class C 000287 email"]
[Site "FICGS email"]
[Date "2020.12.23"]
[Round "1"]
[White "Pintor, Manuel Abranches"]
[Black "Javier, Christian"]
[Result "0-1"]
[WhiteElo "1602"]
[BlackElo "1800"]
[PlyCount "58"]
[EventDate "2020.??.??"]
[EventType "tourn (corr)"]
[EventRounds "4"]
[SourceTitle "Corr 2022"]
[Source "ChessBase"]
[SourceDate "2021.10.24"]
[SourceVersion "1"]
[SourceVersionDate "2021.10.24"]
[SourceQuality "1"]

1. e4 c5 2. f4 e6 3. Nf3 d5 4. exd5 exd5 5. d4 cxd4 6. Nxd4 Nf6 7. Bb5+ Bd7 8. Bxd7+ Qxd7 9. 0-0 Be7 10. Nc3 0-0 11. Be3 Re8 12. f5 Bc5 13. Bf2 Nc6 14. Nxc6 Qxc6 15. Bxc5 Qxc5+ 16. Kh1 Rad8 17. Qf3 d4 18. Ne2 Qxc2 19. Nxd4 Rxd4 20. Qxb7 Qe2 21. h3 h6 22. Qxa7 Qd2 23. b3 Re2 24. Qa8+ Kh7 25. Rfd1 Qxd1+ 26. Rxd1 Rxd1+ 27. Kh2 Ne4 28. Qc6 Ree1 29. g4 Rd2# 0-1

[Event "FICGS class C 000287 email"]
[Site "FICGS email"]
[Date "2020.12.23"]
[Round "1"]
[White "Pintor, Manuel Abranches"]
[Black "Schangareev, Mirzian"]
[Result "0-1"]
[WhiteElo "1602"]
[BlackElo "1926"]
[PlyCount "54"]
[EventDate "2020.??.??"]
[EventType "tourn (corr)"]
[EventRounds "4"]
[SourceTitle "Corr 2022"]
[Source "ChessBase"]
[SourceDate "2021.10.24"]
[SourceVersion "1"]
[SourceVersionDate "2021.10.24"]
[SourceQuality "1"]

1. e4 Nc6 2. f4 d5 3. exd5 Qxd5 4. Nc3 Qe6+ 5. Nce2 Qg6 6. d4 Nb4 7. Nf3 Nxc2+ 8. Kf2 Nxa1 9. Ne5 Qc2 10. Qe1 Be6 11. g4 0-0-0 12. Qb4 Bd5 13. Rg1 Nf6 14. Bg2 h5 15. g5 Ng4+ 16. Nxg4 hxg4 17. Bxd5 Rxd5 18. Qd2 Qe4 19. Rg2 e5 20. fxe5 Bc5 21. Nc3 Bxd4+ 22. Kf1 Qf3+ 23. Ke1 Bxc3 24. bxc3 Rxe5+ 25. Qe2 Rd8 26. Bd2 Qxg2 27. Qxe5 Nc2+ 0-1

[Event "FICGS class C 000287 email"]
[Site "FICGS email"]
[Date "2020.12.23"]
[Round "1"]
[White "Trigance, Emile"]
[Black "Pintor, Manuel Abranches"]
[Result "1-0"]
[WhiteElo "1629"]
[BlackElo "1602"]
[PlyCount "81"]
[EventDate "2020.??.??"]
[EventType "tourn (corr)"]
[EventRounds "4"]
[SourceTitle "Corr 2022"]
[Source "ChessBase"]
[SourceDate "2021.10.24"]
[SourceVersion "1"]
[SourceVersionDate "2021.10.24"]
[SourceQuality "1"]

1. c4 e5 2. Nc3 Bc5 3. Nf3 d6 4. e3 Bg4 5. d4 exd4 6. exd4 Bb4 7. Qa4+ Nc6 8. d5 Bxc3+ 9. bxc3 Bd7 10. dxc6 Bxc6 11. Qd1 Ne7 12. Be2 0-0 13. 0-0 Ng6 14. Nd4 Bd7 15. f4 Qh4 16. g3 Qf6 17. Bf3 c6 18. Qd3 Rae8 19. Be4 a6 20. Ba3 c5 21. Nf3 b5 22. cxb5 axb5 23. Rf2 Rc8 24. Rb1 Ne7 25. Rd2 Bf5 26. Bxf5 Nxf5 27. Ng5 h6 28. Ne4 Qg6 29. Rxb5 Rfd8 30. Rb6 Rb8 31. Rxb8 Rxb8 32. Nxd6 Rd8 33. Bxc5 Nxd6 34. Qxg6 fxg6 35. Rxd6 Rxd6 36. Bxd6 Kf7 37. c4 Ke6 38. c5 g5 39. a4 Kd7 40. fxg5 hxg5 41. Kf2 1-0

[Event "FICGS rapid D 000137 email"]
[Site "FICGS email"]
[Date "2020.12.14"]
[Round "1"]
[White "Piantadosi, Angelo"]
[Black "Pintor, Manuel Abranches"]
[Result "1-0"]
[WhiteElo "1454"]
[BlackElo "1602"]
[PlyCount "59"]
[EventDate "2020.??.??"]
[EventType "tourn (rapid)"]
[EventRounds "5"]
[SourceTitle "Corr 2022"]
[Source "ChessBase"]
[SourceDate "2021.10.24"]
[SourceVersion "1"]
[SourceVersionDate "2021.10.24"]
[SourceQuality "1"]

1. e4 e5 2. Nf3 Nc6 3. d4 exd4 4. Nxd4 Qf6 5. Be3 Bc5 6. c3 Nge7 7. Nc2 Bd6 8. Be2 0-0 9. 0-0 Ne5 10. Nd2 N7g6 11. Nc4 Nxc4 12. Bxc4 Ne5 13. Be2 b6 14. Qd2 Qh4 15. f4 Ng4 16. Bxg4 Qxg4 17. e5 Bc5 18. Bxc5 bxc5 19. Rad1 Bb7 20. Ne3 Qe6 21. Qxd7 Qxd7 22. Rxd7 Rac8 23. Rfd1 Bc6 24. R7d2 g6 25. Kf2 h5 26. g4 Kh7 27. gxh5 gxh5 28. f5 Rg8 29. Nd5 Rcd8 30. Nf6+ 1-0

[Event "FICGS rapid C 000250 email"]
[Site "FICGS email"]
[Date "2020.12.08"]
[Round "1"]
[White "Casagrande, Andy"]
[Black "Pintor, Manuel Abranches"]
[Result "1-0"]
[WhiteElo "1800"]
[BlackElo "1602"]
[PlyCount "79"]
[EventDate "2020.??.??"]
[EventType "tourn (rapid)"]
[EventRounds "4"]
[SourceTitle "Corr 2022"]
[Source "ChessBase"]
[SourceDate "2021.10.24"]
[SourceVersion "1"]
[SourceVersionDate "2021.10.24"]
[SourceQuality "1"]

1. d4 d5 2. c4 c6 3. Nf3 Bg4 4. Ne5 Bh5 5. Qb3 Qb6 6. Qh3 Nf6 7. Qc8+ Qd8 8. Qxb7 Nbd7 9. Nxc6 Qc8 10. Qxc8+ Rxc8 11. Nxa7 Rxc4 12. Na3 Rxd4 13. N3b5 Rc4 14. e3 Rc5 15. b4 Rc2 16. Bd3 Rc4 17. Bxc4 dxc4 18. Nc6 Nb6 19. a4 e6 20. 0-0 Nfd5 21. a5 Na8 22. f3 Nxb4 23. Nxb4 Bxb4 24. Ba3 Bxa3 25. Rxa3 0-0 26. Rb1 Bg6 27. Rb4 h5 28. a6 Rd8 29. a7 Kh7 30. Nc3 Bd3 31. Rb8 Rg8 32. Ra5 g6 33. Rab5 Nc7 34. Rxg8 Kxg8 35. Rb7 Nd5 36. a8Q+ Kg7 37. Qe8 Nxc3 38. Qxf7+ Kh6 39. Qf8+ Kg5 40. Qf4# 1-0

[Event "FICGS class E 000236 email"]
[Site "FICGS email"]
[Date "2020.12.02"]
[Round "1"]
[White "Bain, Mathieu"]
[Black "Pintor, Manuel Abranches"]
[Result "1-0"]
[WhiteElo "1284"]
[BlackElo "1602"]
[PlyCount "37"]
[EventDate "2020.??.??"]
[EventType "tourn (corr)"]
[EventRounds "5"]
[SourceTitle "Corr 2022"]
[Source "ChessBase"]
[SourceDate "2021.10.24"]
[SourceVersion "1"]
[SourceVersionDate "2021.10.24"]
[SourceQuality "1"]

1. e4 e5 2. Nf3 Nc6 3. Bb5 Qf6 4. 0-0 Bc5 5. c3 Nge7 6. Re1 0-0 7. d4 exd4 8. e5 Qg6 9. Bd3 Qg4 10. Re4 Qe6 11. cxd4 Bb6 12. Ng5 Qd5 13. Nc3 Qa5 14. Qh5 h6 15. Rh4 f5 16. Bc4+ Kh8 17. Nf7+ Rxf7 18. Bxh6 Nxe5 19. Bg5+ 1-0

[Event "FICGS class E 000236 email"]
[Site "FICGS email"]
[Date "2020.12.02"]
[Round "1"]
[White "Piantadosi, Angelo"]
[Black "Pintor, Manuel Abranches"]
[Result "0-1"]
[WhiteElo "1454"]
[BlackElo "1602"]
[PlyCount "58"]
[EventDate "2020.??.??"]
[EventType "tourn (corr)"]
[EventRounds "5"]
[SourceTitle "Corr 2022"]
[Source "ChessBase"]
[SourceDate "2021.10.24"]
[SourceVersion "1"]
[SourceVersionDate "2021.10.24"]
[SourceQuality "1"]

1. d4 d5 2. c4 c6 3. Nc3 Nf6 4. Bg5 Bf5 5. e3 Nbd7 6. Nf3 e6 7. Bd3 Bxd3 8. Qxd3 Be7 9. 0-0 0-0 10. Rac1 c5 11. cxd5 Nxd5 12. Bxe7 Qxe7 13. Nxd5 exd5 14. b3 f6 15. Qb5 b6 16. dxc5 Nxc5 17. Rfd1 Rfd8 18. Nd4 Qe8 19. Qxe8+ Rxe8 20. Nf5 Red8 21. Ne7+ Kf7 22. Nxd5 Rac8 23. Nb4 Rxd1+ 24. Rxd1 a5 25. Nd5 Rc6 26. b4 axb4 27. Nxb4 Rc8 28. Kf1 Ne4 29. Ke2 Nc3+ 0-1